Statistiken für Allgemeine Geographie auf einer Karte

Klicken Sie hier um das Quiz zu spielen!

Allgemein

  • Dieses Quiz wurde 18.347 mal gespielt
  • Das Durchschnittsergebnis liegt bei 165 aus 200

Antworten auf der Karte

Die Antworten werden auf der Karte rot bzw. grün angezeigt, abhängig davon wie oft sie richtig erraten wurden.
Laden ...
SprachenEhemaligeLänder
 

Antwortstatistiken

ArtAntwort% Korrekt
SpracheDeutsch
98%
LandItalien
97%
LandVereinigte Staaten
97%
LandFrankreich
96%
KontinentOzeanien
96%
LandRussland
96%
LandSpanien
96%
LandAustralien
95%
LandChina
95%
LandKanada
95%
LandMexiko
95%
HauptstadtMexiko-Stadt
95%
LandPortugal
95%
LandSchweden
95%
LandBrasilien
94%
LandDänemark
94%
LandFinnland
94%
LandIrland
94%
LandNorwegen
94%
LandPolen
94%
SpracheSpanisch
94%
SpracheFranzösisch
93%
LandJapan
93%
HauptstadtLondon
93%
LandTürkei
93%
LandUkraine
93%
LandÄgypten
92%
LandArgentinien
92%
Hauptstadt | RegionBerlin
92%
LandChile
92%
LandGriechenland
92%
LandIndien
92%
HauptstadtMadrid
92%
HauptstadtRom
92%
LandBelarus
91%
LandEstland
91%
LandIsland
91%
SpracheItalienisch
91%
LandLettland
91%
HauptstadtMoskau
91%
LandÖsterreich
91%
SpracheRussisch
91%
SpracheSchwedisch
91%
LandSüdafrika
91%
SpracheGriechisch
90%
LandKroatien
90%
HauptstadtLissabon
90%
HauptstadtParis
90%
SprachePolnisch
90%
LandTschechien
90%
SpracheEnglisch
89%
KontinentEuropa
89%
LandLitauen
89%
LandMarokko
89%
RegionNew York
89%
SpracheNorwegisch
89%
LandSchweiz
89%
LandVereinigtes Königreich
89%
KontinentAfrika
88%
KontinentAsien
88%
RegionEngland
88%
SpracheFinnisch
88%
StadtNew York City
88%
LandRumänien
88%
LandUngarn
88%
HauptstadtDublin
87%
LandIrak
87%
LandIran
87%
LandMadagaskar
87%
LandMongolei
87%
LandNeuseeland
87%
LandNiederlande
87%
KontinentNordamerika
87%
LandNordkorea
87%
LandPeru
87%
KontinentSüdamerika
87%
LandSüdkorea
87%
SpracheUkrainisch
87%
LandAlgerien
86%
HauptstadtAthen
86%
LandBelgien
86%
SpracheDänisch
86%
Region | StadtHamburg
86%
LandKasachstan
86%
SpracheKroatisch
86%
HauptstadtOslo
86%
LandSaudi-Arabien
86%
HauptstadtTokio
86%
HauptstadtWarschau
86%
RegionAlaska
85%
LandAlbanien
85%
HauptstadtAmsterdam
85%
LandBulgarien
85%
LandIndonesien
85%
StadtMünchen
85%
LandSlowakei
85%
LandSlowenien
85%
SpracheTschechisch
85%
LandAndorra
84%
LandKolumbien
84%
Hauptstadt | LandLuxemburg
84%
RegionBayern
83%
Hauptstadt | RegionBern
83%
RegionBrandenburg
83%
HauptstadtBrüssel
83%
LandDem. Rep. Kongo
83%
HauptstadtHelsinki
83%
LandMonaco
83%
SpracheNiederländisch
83%
LandSerbien
83%
RegionTexas
83%
LandTunesien
83%
LandUruguay
83%
Hauptstadt | RegionWien
83%
KontinentAntarktika
82%
LandBolivien
82%
LandNiger
82%
LandRepublik Kongo
82%
SpracheRumänisch
82%
HauptstadtStockholm
82%
LandVenezuela
82%
RegionFlorida
81%
StadtIstanbul
81%
RegionKalifornien
81%
LandThailand
81%
RegionWashington
81%
LandAfghanistan
80%
StadtBarcelona
80%
FlussNil
80%
LandPakistan
80%
LandVietnam
80%
Region | StadtBremen
79%
StadtKöln
79%
LandKuba
79%
LandLibyen
79%
StadtLos Angeles
79%
HauptstadtPeking
79%
FlussRhein
79%
RegionSachsen
79%
LandSyrien
79%
SpracheUngarisch
79%
LandDeutschland
78%
LandLiechtenstein
78%
LandNigeria
78%
LandOman
78%
LandSudan
78%
HauptstadtKairo
77%
HauptstadtKopenhagen
77%
RegionNordrhein-Westfalen
77%
LandPhilippinen
77%
StadtSydney
77%
RegionBaden-Württemberg
76%
Ehemaliges LandDDR
76%
HauptstadtPrag
76%
LandVatikanstadt
76%
LandZypern
76%
LandIsrael
74%
RegionNiedersachsen
74%
LandPapua-Neuguinea
74%
Ehemaliges LandSowjetunion
74%
FlussDonau
73%
RegionSachsen-Anhalt
73%
StadtStuttgart
73%
LandElfenbeinküste
72%
RegionHessen
72%
LandPanama
72%
RegionSchleswig-Holstein
72%
RegionThüringen
72%
StadtDüsseldorf
71%
StadtMailand
71%
LandMalta
71%
RegionMecklenburg-Vorpommern
71%
FlussAmazonas
70%
StadtFrankfurt am Main
70%
StadtKiel
70%
StadtDresden
67%
RegionSaarland
67%
StadtNeapel
66%
StadtVenedig
66%
Wahrzeichen{Brandenburger} Tor
65%
StadtHannover
64%
StadtDortmund
63%
HauptstadtAlgier
59%
StadtNürnberg
59%
StadtLeipzig
58%
FlussMain
58%
FlussElbe
57%
StadtRostock
54%
StadtSaarbrücken
54%
WahrzeichenEiffelturm
53%
StadtEssen
53%
RegionTirol
49%
StadtBonn
47%
RegionZürich
45%

Verteilung der Resultate

Perzentil nach korrekt beantworteten Fragen

Anzahl Personen mit jedem Resultat

Ihre Resultats-Entwicklung

Sie haben dieses Quiz noch nicht gespielt